000 03059nam a22003377a 4500
001 TIC 0028
003 gtcocun
005 20250922190229.0
006 a||||gr|||| 00| 0
007 ta
008 250922b2023 gt ||||| m||| 00| 0 eng d
040 _agtcocun
_bSPA
_cgtcocun
_eRDA
041 _aSPA TIC 0028
084 _0TIC 0028
100 _aTení Caal, Wilmer Daniel
_eAutor
245 _aINFORME FINAL DEL EJERCICIO PROFESIONAL SUPERVISADO, DISEÑO Y PLANIFICACIÓN DE CENTRO DE ATENCIÓN PARA VÍCTIMAS DE LA VIOLENCIA INTRAFAMILIAR EN ÁREA URBANA Y SISTEMA DE AGUA POTABLE CON PERFORACIÓN DE POZO ALDEA SEMOX SETINTA, CHISEC, ALTA VERAPAZ./
_cWilmer Daniel Tení Caal.
_hImpreso
264 _aCobán, Alta Verapaz:
_bUniversidad de San Carlos de Guatemala, Centro Universitario del Norte, Ingeniería Civil
_c2023
300 _a323 p.:
_bIlustraciones, gráficas.
_c28 cm;
300 _cPDF
336 _2rdacontenido
_aTexto
_btxt
337 _2rdamedio
_aComputadora
_bn
338 _2rdasoporte
_aCódigo en línea
_bcr
502 _eTIC 0028
502 _aTesis de grado
_bIngeniería Civil,
_cUniversidad de San Carlos de Guatemala, Centro Universitario del Norte, Ingeniería Civil
_d2023
_oTIC 0028
520 1 4 _aEl ejercicio Profesional Supervisado EPS es una actividad práctica con duración de ocho meses en el cual se realizan actividades de diagnóstico comunitario, diseño y planificación de proyectos de obra civil, además de asistencia técnica en donde el preprofesional aplica los conocimientos obtenidos durante su formación académica como estudiante de la carrera de Ingeniería Civil. El diagnóstico comunitario se lleva a cabo con información proporcionada por las dependencias municipales de la Dirección Municipal de Planificación DMP y Dirección Municipal de la Mujer DMM, mediante el análisis de la información, se determinó que la aldea Semox Setinta y el barrio Monja Blanca del caso urbano son áreas que carecen de bras que impulsen el desarrollo social y económico de las comunidades. Se decide apoyar con el diseño y planificación de dos obras civiles, donde se elaboró el plan de trabajo y se establecieron los objetivos, justificación, la estructuración del marco teórico y cronograma de actividades para cumplir con la entrega de productos. En fase de ejecución se realiza el diseño y planificación de un edificio de dos niveles para el barrio Monja Blanca del casco urbano y un sistema de abastecimiento de agua con perforación de pozo para la aldea Semox Setinta, el diseño se basó en las normas de construcción y acueductos rurales respectivamente que rigen en el territorio nacional.
650 1 4 _2LEMB
_aChisec, Alta Verapaz.
_xIngeniería
_xAnálisis
_xObra
_xPlanificación
_xEjecución
_xDiagnóstico
700 _aInga. Sindry Yaneth Pacay Morales
_eAsesor
856 _uhttps://drive.google.com/file/d/16awTJt4tecJLqSW78SsUipTa1UOQBt7c/view
_yPDF
_zUn ejemplar en línea.
942 _2ddc
_cTES
_iTIC 0028
_kClasificación
_n0
_6TIC_0028_000000000000000
999 _c2061
_d2061